Toutes les écuries engagées en Formule 1 - Statistiques

Statistiques générales
  • Ce quiz a été pris 276 fois
  • Le résultat moyen est 26 sur 127
Statistiques - réponses
Années
d'Activité
Pays Réponses % Correct
1954-1955,2010- Aujourd'hui Allemagne Mercedes Grand Prix /Mercedes-AMG
97%
1950- Aujourd'hui Italie Scuderia Ferrari
97%
2005- Aujourd'hui Autriche /Royaume-Uni Red Bull Racing
94%
2021- Aujourd'hui France Alpine F1 Team
93%
1966- Aujourd'hui Royaume-Uni McLaren Racing
92%
1977-1985,2002-2011, 2016-2020 France Renault F1 Team
88%
2005- Aujourd'hui Italie Scuderia Toro Rosso /Scuderia Alpha Tauri
86%
1977- Aujourd'hui Royaume-Uni Williams F1 Team
86%
2016- Aujourd'hui États-Unis Haas F1 Team
83%
1959-1960,2021-Aujourd'hui Royaume-Uni Aston Martin F1 Team
82%
1950-1985,2019-Aujourd'hui Italie Alfa Romeo
81%
1993-2005,2011-2018 Suisse Sauber
71%
1959-1994,2012-2015 Royaume-Uni Team Lotus / Lotus F1 Team
69%
1952-1953,2006-2010 Allemagne BMW
60%
2008-2018 Inde Force India
60%
1964-1968,2006-2008 Japon Honda Racing F1 Team
53%
2018-2020 Royaume-Uni Racing Point F1 Team
53%
1986-2001 Italie / Royaume-Uni Benetton Formula
49%
1997-2001 France Prost Grand Prix
47%
1962-1992 Royaume-Uni Brabham Racing Organisation
43%
1958-1964 Allemagne Porsche Team
43%
2009 Royaume-Uni Brawn GP Formula One Team
42%
2002-2009 Japon Toyota F1 Team
42%
2000-20004 Royaume-Uni Jaguar Racing
41%
2012-2015 Royaume-Uni / Russie Marussia F1 Team
41%
1991-2005 Irlande Jordan Grand Prix
38%
1950-1957 Italie Officine Alfieri Maserati
35%
1976-1996 France Ligier
33%
1985-2005 Italie Scuderia Minardi
30%
2016 Royaume-Uni Manor Racing
28%
1999-2005 Royaume-Uni British American Racing (BAR)
27%
2010-2012 Espagne Hispania Racing F1 Team (HRT
26%
1970-1998 Royaume-Uni Tyrrell Racing
24%
1951-1977 Royaume-Uni British Racing Motors (BRM)
23%
2010-2014 Malaisie Caterham F1 Team
23%
1950-1969 Royaume-Uni Cooper Car Company
22%
2010-2011 Royaume-Uni / Russie Virgin Racing
22%
1978-2002 Royaume-Uni Arrows
21%
1956 France Bugatti
21%
2006-2008 Japon Super Aguri Formula 1 Team
21%
1966-1972 France Matra Sports
20%
1983 Royaume-Uni RAM March
19%
1984-1985 Royaume-Uni RAM Racing
19%
2007 Pays-Bas Spyker F1 Team
19%
1954-1960 Royaume-Uni Vanwall
18%
1997-1999 Royaume-Uni Stewart Grand Prix
15%
1975-1982 Brésil Fittipaldi Automotive
13%
1970-1992 Royaume-Uni March Engineering
13%
1987-1994 France Larrousse
12%
2006 Russie Midland F1 Racing
12%
1992 Italie Andrea Moda Formula
10%
1986-1991 France Automobiles Gonfaronnaises Sportives (AGS)
10%
1973-1975 Royaume-Uni Embassy-Hill
10%
1954-1955 Italie Scuderia Lancia
10%
1950-1951 France Talbot Lago
10%
1981-1985 Royaume-Uni Toleman
10%
1987-1991 Italie Coloni
9%
1988-1992 Italie Dallara
9%
1988-1990 Italie Eurobrun Racing
9%
1989-1990 Royaume-Uni Onyx Grand Prix
9%
1994-1995 Royaume-Uni Pacific Racing
9%
1994-1995 Royaume-Uni Simtek
9%
1974-1977 États-Unis Penske Racing
8%
1970-1978 Royaume-Uni Surtees Racing Organization
8%
1977-1979 Canada Walter Wolf Racing
8%
1991-1996 Royaume-Uni Footwork Racing
7%
1952-1956 France Gordini
7%
1974-1978 Royaume-Uni Hesketh Racing
7%
1980-1990 Italie Osella
7%
1966-1969 États-Unis Eagle
6%
1990-1991 Royaume-Uni Leyton House Racing
6%
1985-1989 Allemagne Zakspeed
6%
1950-1952 Royaume-Uni Alta Car and Engineering Company
5%
1963 Italie Automobili Turismo e Sport (ATS)
5%
1977-1984 Allemagne Auto Technisches Spezialzubehör (ATS)
5%
1961-1970 Italie De Tomaso
5%
1991-1992 Italie Fondmetal
5%
1995-1996 Italie Forti Corse
5%
1988-1994 Italie Scuderia Italia
5%
1973-1980 États-Unis / Royaume-Uni Shadow Racing Cars
5%
1992 France Venturi Automobiles
5%
1952-1952 Allemagne Alex von Falkenhausen Motorenbau (AFM)
4%
1970-1971 Italie Bellasi
4%
1963-1964 Royaume-Uni British Racing Partnership (BRP)
4%
1950-1959 Royaume-Uni Connaught Engineering
4%
1973-1982 Royaume-Uni Ensign
4%
1976-1977 Japon Kojiima Engineering
4%
1950-1960 États-Unis Kurtis Kraft
4%
1978 France Martini
4%
1977 Suisse Apollon Racing
3%
1976-19777 Royaume-Uni Boro
3%
1973-1974 Italie ISO-Marlboro
3%
1959-1961 Royaume-Uni JBW
3%
1962-1968 Afrique du Sud LDS
3%
1990 Suisse Monteverdi
3%
1951-1953 Italie O.S.C.A.
3%
1988-1989 Allemagne Rial Racing
3%
1950-1953 France Simca Gordini
3%
1983-1985 Royaume-Uni Spirit Racing
3%
1978-1983 Royaume-Uni / Hong Kong Theodore Racing
3%
1974-1976 États-Unis Vel's Parnelli Jones Racing (VPJ)
3%
1974 Nouvelle-Zélande Chris Amon Racing
2%
1961 Royaume-Uni Ferguson
2%
1952 Royaume-Uni Frazer Nash
2%
1961-1963 Royaume-Uni Gilby Engineering
2%
1950-1951 Royaume-Uni Hersham and Walton Motors (HWM)
2%
1977 Royaume-Uni LEC Refrigeration Racing
2%
1991 Italie Modena Team
2%
1963-1964 États-Unis Scirocco-Powell
2%
1972-1973 Italie Tecno
2%
1951-1953 Allemagne Veritas
2%
1972 Royaume-Uni Connew Racing Team
1%
1972 Allemagne Eiffelland Racing
1%
1953 Allemagne de l'Est Eisenacher Motorenwerk (EMW)
1%
1956-1962 Royaume-Uni Emeryson
1%
1950-1952 Royaume-Uni English Racing Automobiles
1%
1955-1962 Belgique Équipe Nationale Belge
1%
1954 Allemagne Klenk
1%
1975 Royaume-Uni Lyncar
1%
1977 Australie McGuire
1%
1972 Royaume-Uni Politoys
1%
1960 États-Unis Scarab-Reventlow Automobiles
1%
1963 Canada Stebro
1%
1966 Royaume-Uni Shannon Racing Cars
0%
1974 Royaume-Uni Token Racing
0%
1974 Royaume-Uni Trojan-Tauranac Racing
0%
1952 Royaume-Uni WS Aston
0%
Aucun quiz correspondant
Distribution des résultats
% des personnes avec chaque résultat
Percentile par nombre de réponses
Votre historique - résultats
Vous n’avez pas pris ce quiz